U.S. History by Letter- F - Statistics

General Stats
  • This quiz has been taken 350 times
  • The average score is 7 of 18
Answer Stats
Hint Answer % Correct
Made cars affordable, pioneered assembly lines Henry Ford
93%
Author of The Great Gatsby F. Scott Fitzgerald
83%
Statesman, inventor, scientist, and postmaster Benjamin Franklin
74%
Rebellious 1920s women Flappers
70%
FDR's radio addresses to the public Fireside Chats
63%
Essays in defense of the Constitution Federalist Papers
55%
Southern author, wrote The Sound and the Fury William Faulkner
41%
First major Civil War battle Fort Sumter
40%
Nickname for Gold Rush fanatics Forty-niners
39%
Inventor who developed commercial steamboats Robert Fulton
32%
Woodrow Wilson's post-WWI plan Fourteen Points
26%
Allowed escaped slaves to be recaptured Fugitive Slave Law
24%
Composer, wrote "Oh, Susanna" and "Swanee River" Stephen Foster
22%
Bombarded in the War of 1812 Fort McHenry
19%
Deadly 1862 Civil War battle Fredericksburg
19%
Civil War admiral, hero of Mobile Bay David Farragut
17%
Explorer and first Republican presidential candidate John C. Fremont
15%
Radical pro-slavery Southerners Fire-Eaters
3%
No matching quizzes found
Score Distribution
Percent of People with Each Score
Percentile by Number Answered
Your Score History
You have not taken this quiz